000 00755nam a2200253Ia 4500
003 OSt
005 20220928125055.0
006 a|||||r|||| 00| 0
007 ta
008 220927b |||||||| |||| 00| 0 eng d
020 _cUKP 72.99
024 _a143670
037 _b558, 12/03/2020, A J Books
_cTextual
040 _aSDCL
_cSDCL
_beng
041 _2eng
_aeng
082 _aD651, Q8
100 _aAttia John Okyere
_9392288
245 0 _aCircuits and electronics
_b Hands-on learning with anolog discovery
260 _aBoca Raton
_b CRC Press
_c2018
300 _axvii,187p.
_ccm.
650 _aElectronic Science
942 _hD651, Q8
_cTEXL
_2CC
999 _c780804
_d780804